La felicidad /

Estamos acostumbrados a tener una particular mirada sobre el mundo y, en ocasiones, nuestra forma de pensar nos parece inobjetable. Sin embargo, ¿qué sustenta nuestras ideas? ¿Hay una sola forma de pensar la realidad o el estado de las cosas? Con el discurso filosófico como aliado, Darío Sztajnszraj...

Descripción completa

Guardado en:
Autor Principal: Sztajnszrajber, Darío
Formato: Deslizar
Publicado: Argentina : Canal Encuentro, 2011.
Series:Mentira La Verdad - Temporada 1
Materias:
Etiquetas: Agregar Etiqueta
Sin Etiquetas, Sea el primero en etiquetar este registro!
LEADER 01651ngm a22002655g 4500
001 CEM.cems023317
008 130507s2011##################0###0#####d
005 20250305162836.0
245 1 0 |a La felicidad /  |c Darío Sztajnszrajber. 
260 |a Argentina :  |b Canal Encuentro,  |c 2011. 
300 |a 28'. 
490 0 |a Mentira La Verdad - Temporada 1 
538 |a Soporte: DVD - Color: Si - Grabación DRD. 
520 |a Estamos acostumbrados a tener una particular mirada sobre el mundo y, en ocasiones, nuestra forma de pensar nos parece inobjetable. Sin embargo, ¿qué sustenta nuestras ideas? ¿Hay una sola forma de pensar la realidad o el estado de las cosas? Con el discurso filosófico como aliado, Darío Sztajnszrajber desarrolla, problematiza y pone en tensión diferentes supuestos sobre la historia, la belleza, el amor, la felicidad, la identidad y otros temas. Mentira la verdad, un programa hecho para jóvenes, pero para consumir a toda edad; una propuesta para reflexionar sobre lo que respalda nuestros juicios de valor, pero también para pensar las razones que, a lo largo de los años, han hecho visibles algunos hechos sobre otros y han sustentado las historias que nos cuentan sobre un país, una región, una sociedad. 
590 |a Identificación anterior registrada en SIABUC: D116A 
500 |a Consultar en ventanilla. 
100 1 |a Sztajnszrajber, Darío 
082 1 0 |/ SZT-1 
653 |a FILOSOFIA 
653 |a FELICIDAD 
653 |a PENSAMIENTO 
653 |a MENTIRA LA VERDAD 
653 |a SOCIEDAD 
653 |a SERIE DE TELEVISIÓN 
859 |a CEMS  |b BIB. CEMS - Depto. Recursos Didacticos  |h 100  |i SZT-1  |k DRD  |p 1960.15  |t Ej.1